000 01373nam0a22002771 4500
001 rc\4897836
005 20260406074430.0
021 _aRU
_b[61-11451]
035 _a(NLR Aleph) 008832584
090 _a8291873
_c8291873
100 _a20130426d1961 |||y0rusy50 ca
101 0 _arus
102 _aRU
105 _aa z |||a|
200 1 _aЧетверо на Нижней Тунгуске
_eПовесть и рассказы
_f[Ил.: М.Е. Новиков]
210 _aЛенинград
_cСов. писатель. [Ленингр. отд-ние]
_d1961
215 _a171 с.
_cил.
_d17
327 1 _aСодерж.: Четверо на Нижней Тунгуске: (Повесть); Путешествие за сеном; Через год; Если не верить; Ключ от комнаты; Простые вещи
464 0 _12001#$aЧетверо на Нижней Тунгуске$e(Повесть)$aПутешествие за сеном$aЧерез год$aЕсли не верить$aКлюч от комнаты$aПростые вещи
_tПростые вещи
700 1 _aТхоржевский
_bС.С.
_f1927-2011
_gСергей Сергеевич
_3RU\NLR\AUTH\770147365
_9147329
702 1 _aНовиков
_bМ.Е.
_4440
801 0 _aRU
_bNLR
_gpsbo
801 1 _aRU
_bELAR
_2rusmarc
852 _aNLR
_j61-2/602
942 _cBOOK
980 _aNB